01032nam a2200253 a 450000100060000000300080000600500170001400800410003103500190007204000320009104100080012308200240013110000440015524500840019926000380028330000330032150000200035465000240037470000730039894200120047199900170048395201380050095201400063851871BD-RjUL20211209075726.0160904s1977 nyua b 001 0 eng  a(BD-RjUL)51991 aDLCcDLCdDLCdBD-RjULbeng aeng00a519.5223bBHS 19771 aBhattacharyya, Gouri K.,d1940-915515110aStatistical concepts and methods /cGouri K. Bhattacharyya, Richard A. Johnson. aNew York :bWiley & sons,cc1977. axv, 639 p. :bill. ;c24 cm. aIncludes index. 0aStatistics.91551521 aJohnson, Richard A.q(Richard Arnold),d1937-ejoint author.9155153 2ddccBK c51871d51871 00102ddc40708NFICaRUCLbRUCLcStackd1984-10-09eTopper Tulipg8.75l0o519.5 BHS 1977r2016-09-04 00:00:00tC-2w2016-09-04yBK 00102ddc40718NFICaRUCLbRUCLcReadingd1984-10-09eTopper tulipg8.75l0o519.5 BHS 1977r2017-04-23 00:00:00tC-1w2017-04-23yBK